| 000 | 00638cam a22002291 4500 | ||
|---|---|---|---|
| 001 | sa 68017661 | ||
| 003 | DLC | ||
| 005 | 20260227112704.0 | ||
| 008 | 900122s1968 ii b 000 0 hino | ||
| 010 | _asa 68017661 | ||
| 035 | _a(OCoLC)20940536 | ||
| 040 |
_aDLC _cWaU _dDLC |
||
| 042 | _apremarc | ||
| 043 | _aa-ii--- | ||
| 050 | 0 | 0 |
_aBL1147 _b.R3 |
| 100 | 1 |
_aRamanathan, Kakumani, _d1936- |
|
| 245 | 1 | 0 | _aHindī aura Telugu Vaishṇava bhakti sāhitya. |
| 260 | _c[1968] | ||
| 300 |
_aii, ii, viii, 471, ix, 8 p. _c23 cm. |
||
| 500 | _aBibliography: p. [1]-ix. | ||
| 650 | 0 |
_aHindu devotional literature _xHistory and criticism. |
|
| 999 |
_c87864 _d87864 |
||